[Event "RUS-ch Girls U21 2020"]
[Site "Moscow"]
[Date "2020.12.08"]
[Round "1"]
[White "Obolentseva, Alexandra"]
[Black "Borisova, Ekaterina"]
[Result "0-1"]
[WhiteElo "2305"]
[BlackElo "2308"]
[Annotator "broadcasts"]
[PlyCount "90"]
[EventDate "2020.12.08"]
[EventType "tourn"]
[EventCountry "RUS"]

1. c4 {[%emt 0:00:08]} Nf6 {[%emt 0:00:00]} 2. Nc3 {[%emt 0:00:21]} e6 {[%emt 0:00:00]} 3. Nf3 {[%emt 0:01:29]} c5 {[%emt 0:00:13]} 4. d4 {[%emt 0:01:02]} cxd4 {[%emt 0:00:04]} 5. Nxd4 {[%emt 0:01:01]} Nc6 {[%emt 0:00:06]} 6. g3 {[%emt 0:01:16]} Qb6 {[%emt 0:00:04]} 7. Ndb5 {[%emt 0:00:56]} Ne5 {[%emt 0:00:36]} 8. Bf4 {[%emt 0:03:07]} Nfg4 {[%emt 0:00:27]} 9. e3 {[%emt 0:10:27]} a6 {[%emt 0:00:14]} 10. h3 {[%emt 0:08:11]} axb5 {[%emt 0:00:27]} 11. hxg4 {[%emt 0:04:14]} Nxc4 {[%emt 0:00:31]} 12. Qb3 {[%emt 0:00:06]} d5 {[%emt 0:00:36]} 13. Qxb5+ {[%emt 0:04:24]} Qxb5 {[%emt 0:02:50]} 14. Nxb5 {[%emt 0:00:09]} Bb4+ {[%emt 0:01:43]} 15. Kd1 {[%emt 0:02:05]} Ra5 {[%emt 0:02:24]} 16. Bxc4 {[%emt 0:01:01]} dxc4 {[%emt 0:00:12]} 17. Rh5 {[%emt 0:00:33]} O-O {[%emt 0:12:43]} 18. Bc7 {[%emt 0:00:08]} Ra6 {[%emt 0:02:24]} 19. Kc2 {[%emt 0:03:09]} Bd7 {[%emt 0:03:09]} 20. Nc3 {[%emt 0:04:53]} f6 {[%emt 0:06:17]} 21. e4 {[%emt 0:06:29]} Rc8 {[%emt 0:06:39]} 22. Bf4 {[%emt 0:00:40]} e5 {[%emt 0:00:36]} 23. Nd5 {[%emt 0:03:23]} Bf8 {[%emt 0:02:54]} 24. Bd2 {[%emt 0:02:57]} Bxg4 {[%emt 0:01:39]} 25. Rh4 {[%emt 0:00:08]} Bf3 {[%emt 0:04:40]} 26. Nc3 {[%emt 0:04:38]} g5 {[%emt 0:01:01]} 27. Rh2 {[%emt 0:00:09]} Bb4 {[%emt 0:06:39]} 28. Re1 {[%emt 0:12:11]} Bxc3 {[%emt 0:00:51]} 29. Bxc3 {[%emt 0:00:05]} g4 {[%emt 0:02:58]} 30. a3 {[%emt 0:00:21]} Rd6 {[%emt 0:00:05]} 31. Rh6 {[%emt 0:00:25]} Rcd8 {[%emt 0:02:36]} 32. Bb4 {[%emt 0:01:51]} Re6 {[%emt 0:00:35]} 33. Kc3 {[%emt 0:01:32]} b5 {[%emt 0:00:38]} 34. Re3 {[%emt 0:06:41]} Kg7 {[%emt 0:02:47]} 35. Rh2 {[%emt 0:01:50]} Rd1 {[%emt 0:08:46]} 36. a4 {[%emt 0:02:10]} bxa4 {[%emt 0:03:30]} 37. Kxc4 {[%emt 0:00:07]} Rd4+ {[%emt 0:01:24]} 38. Kc5 {[%emt 0:03:29]} Bxe4 {[%emt 0:04:09]} 39. Bc3 {[%emt 0:00:28]} Rd5+ {[%emt 0:00:42]} 40. Kb4 {[%emt 0:00:00]} Rb6+ {[%emt 0:00:00]} 41. Ka3 {[%emt 0:00:46]} Rb3+ {[%emt 0:05:06]} 42. Ka2 {[%emt 0:00:22]} Bf3 {[%emt 0:00:28]} 43. Re1 {[%emt 0:00:59]} Rdb5 {[%emt 0:00:45]} 44. Rc1 {[%emt 0:00:22]} Bd5 {[%emt 0:01:23]} 45. Ka1 {[%emt 0:02:10]} a3 {[%emt 0:01:53]} 0-1

[Event "RUS-ch Girls U21 2020"]
[Site "Moscow"]
[Date "2020.12.08"]
[Round "1"]
[White "Shafigullina, Zarina"]
[Black "Nosacheva, Mariya"]
[Result "1-0"]
[WhiteElo "2302"]
[BlackElo "2243"]
[Annotator "broadcasts"]
[PlyCount "79"]
[EventDate "2020.12.08"]
[EventType "tourn"]
[EventCountry "RUS"]

1. d4 {[%emt 0:00:00]} Nf6 {[%emt 0:00:00]} 2. c4 {[%emt 0:00:10]} e6 {[%emt 0:00:00]} 3. Nf3 {[%emt 0:00:41]} c5 {[%emt 0:00:00]} 4. g3 {[%emt 0:00:27]} cxd4 {[%emt 0:00:06]} 5. Nxd4 {[%emt 0:00:14]} d5 {[%emt 0:00:14]} 6. Bg2 {[%emt 0:07:55]} e5 {[%emt 0:00:08]} 7. Nb3 {[%emt 0:00:17]} d4 {[%emt 0:01:37]} 8. e3 {[%emt 0:03:46]} Nc6 {[%emt 0:10:10]} 9. exd4 {[%emt 0:04:57]} exd4 {[%emt 0:09:01]} 10. O-O {[%emt 0:08:17]} Bg4 {[%emt 0:09:46]} 11. Bxc6+ {[%emt 0:03:49]} bxc6 {[%emt 0:00:12]} 12. Qxd4 {[%emt 0:00:05]} h5 {[%emt 0:23:11]} 13. Re1+ {[%emt 0:05:36]} Be7 {[%emt 0:00:56]} 14. Qxd8+ {[%emt 0:02:19]} Rxd8 {[%emt 0:02:33]} 15. Be3 {[%emt 0:02:15]} h4 {[%emt 0:03:25]} 16. Bxa7 {[%emt 0:08:17]} hxg3 {[%emt 0:07:01]} 17. fxg3 {[%emt 0:00:09]} Be6 {[%emt 0:00:08]} 18. Nd4 {[%emt 0:05:26]} c5 {[%emt 0:09:44]} 19. Nxe6 {[%emt 0:10:33]} fxe6 {[%emt 0:00:06]} 20. Nc3 {[%emt 0:00:16]} Rd2 {[%emt 0:02:19]} 21. Re2 {[%emt 0:00:57]} Rxe2 {[%emt 0:00:08]} 22. Nxe2 {[%emt 0:00:07]} Kd7 {[%emt 0:00:05]} 23. Nc3 {[%emt 0:01:41]} Ng4 {[%emt 0:06:55]} 24. Rd1+ {[%emt 0:02:28]} Kc6 {[%emt 0:00:26]} 25. Re1 {[%emt 0:01:13]} Kd7 {[%emt 0:04:33]} 26. Na4 {[%emt 0:02:59]} Rh5 {[%emt 0:03:38]} 27. Nb6+ {[%emt 0:05:56]} Kd6 {[%emt 0:00:16]} 28. Nc8+ {[%emt 0:00:17]} Kd7 {[%emt 0:00:06]} 29. Nxe7 {[%emt 0:00:13]} Kxe7 {[%emt 0:00:04]} 30. Re2 {[%emt 0:04:06]} Kd7 {[%emt 0:00:40]} 31. Bb8 {[%emt 0:01:52]} e5 {[%emt 0:00:56]} 32. Re4 {[%emt 0:01:12]} Nxh2 {[%emt 0:01:41]} 33. Kg2 {[%emt 0:00:13]} Ke6 {[%emt 0:00:21]} 34. Rxe5+ {[%emt 0:06:17]} Rxe5 {[%emt 0:00:08]} 35. Bxe5 {[%emt 0:00:03]} Ng4 {[%emt 0:00:06]} 36. Bxg7 {[%emt 0:03:23]} Ne3+ {[%emt 0:00:07]} 37. Kh3 {[%emt 0:01:46]} Nxc4 {[%emt 0:00:07]} 38. a4 {[%emt 0:00:39]} Kd5 {[%emt 0:01:18]} 39. g4 {[%emt 0:01:21]} Ke4 {[%emt 0:00:27]} 40. Bc3 {[%emt 0:00:00]} 1-0

[Event "RUS-ch Girls U21 2020"]
[Site "Moscow"]
[Date "2020.12.08"]
[Round "1"]
[White "Dimitrova, Aleksandra"]
[Black "Protopopova, Anastasiya"]
[Result "1-0"]
[WhiteElo "2193"]
[BlackElo "2267"]
[Annotator "broadcasts"]
[PlyCount "58"]
[EventDate "2020.12.08"]
[EventType "tourn"]
[EventCountry "RUS"]

1. e4 {[%emt 0:00:00]} c5 {[%emt 0:00:19]} 2. Nf3 {[%emt 0:00:00]} d6 {[%emt 0:00:05]} 3. d4 {[%emt 0:00:00]} cxd4 {[%emt 0:00:04]} 4. Nxd4 {[%emt 0:00:00]} Nf6 {[%emt 0:00:17]} 5. Nc3 {[%emt 0:00:00]} a6 {[%emt 0:00:19]} 6. Nb3 {[%emt 0:00:04]} Nbd7 {[%emt 0:00:34]} 7. a4 {[%emt 0:00:22]} b6 {[%emt 0:00:23]} 8. g4 {[%emt 0:01:33]} Bb7 {[%emt 0:00:10]} 9. Bg2 {[%emt 0:00:26]} g6 {[%emt 0:02:01]} 10. O-O {[%emt 0:00:38]} Rb8 {[%emt 0:02:41]} 11. a5 {[%emt 0:00:17]} b5 {[%emt 0:00:14]} 12. f4 {[%emt 0:07:27]} Bg7 {[%emt 0:00:06]} 13. Qe2 {[%emt 0:03:33]} b4 {[%emt 0:12:09]} 14. Nd5 {[%emt 0:07:40]} Nxd5 {[%emt 0:08:52]} 15. exd5 {[%emt 0:00:06]} Nf6 {[%emt 0:16:48]} 16. Rd1 {[%emt 0:02:44]} Qc7 {[%emt 0:04:43]} 17. Be3 {[%emt 0:14:54]} Rc8 {[%emt 0:02:35]} 18. g5 {[%emt 0:12:31]} Nh5 {[%emt 0:04:20]} 19. Nd4 {[%emt 0:03:48]} h6 {[%emt 0:08:11]} 20. f5 {[%emt 0:11:31]} hxg5 {[%emt 0:16:12]} 21. fxg6 {[%emt 0:03:37]} Be5 {[%emt 0:01:49]} 22. gxf7+ {[%emt 0:03:27]} Kxf7 {[%emt 0:00:05]} 23. Nf3 {[%emt 0:13:08]} Qxc2 {[%emt 0:05:51]} 24. Nxe5+ {[%emt 0:01:17]} dxe5 {[%emt 0:00:03]} 25. Rd2 {[%emt 0:04:50]} Qc4 {[%emt 0:01:40]} 26. Rf1+ {[%emt 0:01:22]} Nf6 {[%emt 0:05:13]} 27. Bxg5 {[%emt 0:03:12]} Qxe2 {[%emt 0:03:02]} 28. Rxe2 {[%emt 0:00:02]} e4 {[%emt 0:03:08]} 29. Bxe4 {[%emt 0:03:53]} Rhg8 {[%emt 0:00:37]} 1-0

[Event "RUS-ch Girls U21 2020"]
[Site "Moscow"]
[Date "2020.12.08"]
[Round "1"]
[White "Nazarova, Anastasia"]
[Black "Kochukova, Anna"]
[Result "1-0"]
[WhiteElo "2190"]
[BlackElo "2111"]
[Annotator "NA"]
[PlyCount "83"]
[EventDate "2020.12.08"]
[EventType "tourn"]
[EventCountry "RUS"]

1. e4 {[%emt 0:00:00]} c5 {[%emt 0:02:28]} 2. Nf3 {[%emt 0:00:00]} e6 {[%emt 0:00:10]} 3. d4 {[%emt 0:00:00]} cxd4 {[%emt 0:00:19]} 4. Nxd4 {[%emt 0:00:00]} Nc6 {[%emt 0:00:14]} 5. Nb5 {[%emt 0:00:23]} d6 {[%emt 0:00:38]} 6. c4 {[%emt 0:00:26]} a6 {[%emt 0:02:57]} 7. N5c3 {[%emt 0:01:56]} Nf6 {[%emt 0:00:18]} 8. Be2 {[%emt 0:00:26]} Be7 {[%emt 0:00:32]} 9. Be3 {[%emt 0:00:36]} O-O {[%emt 0:00:26]} 10. O-O {[%emt 0:00:23]} Qc7 {[%emt 0:02:11]} 11. f3 {[%emt 0:06:37]} Ne5 {[%emt 0:03:59]} 12. Na3 {[%emt 0:04:06]} b6 {[%emt 0:04:59]} 13. Rc1 {[%emt 0:04:33]} Bb7 {[%emt 0:03:37]} 14. Na4 {[%emt 0:08:51]} Ned7 {[%emt 0:00:19]} 15. b4 {[%emt 0:04:18]} Rac8 {[%emt 0:02:57]} 16. Qe1 {[%emt 0:05:47]} Qb8 {[%emt 0:01:42]} 17. Qf2 {[%emt 0:06:33]} d5 {[%emt 0:02:30]} 18. exd5 {[%emt 0:05:32]} Bxb4 {[%emt 0:05:56]} 19. Nc2 {[%emt 0:00:16]} Bd6 {[%emt 0:00:31]} 20. g4 {[%emt 0:13:40]} exd5 {[%emt 0:08:00]} 21. g5 {[%emt 0:00:09]} Ne8 {[%emt 0:01:21]} 22. Nxb6 {[%emt 0:08:41]} Nxb6 {[%emt 0:02:33]} 23. Bxb6 {[%emt 0:00:02]} dxc4 {[%emt 0:00:39]} 24. Rb1 {[%emt 0:02:04]} f6 {[%emt 0:09:01]} 25. g6 {[%emt 0:04:46]} hxg6 {[%emt 0:10:57]} 26. Ne3 {[%emt 0:00:04]} c3 {[%emt 0:02:33]} 27. Bd1 {[%emt 0:06:11]} Bf4 {[%emt 0:03:30]} 28. Bb3+ {[%emt 0:01:43]} Kh7 {[%emt 0:03:46]} 29. Rfd1 {[%emt 0:07:23]} Nd6 {[%emt 0:08:01]} 30. Bc2 {[%emt 0:01:20]} Nf7 {[%emt 0:03:55]} 31. Ng4 {[%emt 0:05:16]} f5 {[%emt 0:04:16]} 32. Qh4+ {[%emt 0:01:02]} Kg8 {[%emt 0:00:27]} 33. Rd7 {[%emt 0:02:31]} Bxf3 {[%emt 0:08:27]} 34. Bd4 {[%emt 0:00:44]} Qxb1+ {[%emt 0:01:24]} 35. Bxb1 {[%emt 0:00:04]} Bxg4 {[%emt 0:00:37]} 36. Qf2 {[%emt 0:00:29]} Bd2 {[%emt 0:01:08]} 37. Bc2 {[%emt 0:00:11]} Rcd8 {[%emt 0:00:36]} 38. Rc7 {[%emt 0:01:20]} Rde8 {[%emt 0:00:23]} 39. Bd3 {[%emt 0:00:42]} Be1 {[%emt 0:00:36]} 40. Qc2 {[%emt 0:00:00]} Ng5 {[%emt 0:00:00]} 41. Rxg7+ {[%emt 0:06:08]} Kh8 {[%emt 0:00:32]} 42. Rxg6+ {[%emt 0:00:57]} 1-0

[Event "RUS-ch Girls U21 2020"]
[Site "Moscow"]
[Date "2020.12.08"]
[Round "1"]
[White "Korchagina, Alena"]
[Black "Afonasieva, Anna"]
[Result "1/2-1/2"]
[WhiteElo "2161"]
[BlackElo "2316"]
[Annotator "broadcasts"]
[PlyCount "143"]
[EventDate "2020.12.08"]
[EventType "tourn"]
[EventCountry "RUS"]

1. c4 {[%emt 0:00:00]} c6 {[%emt 0:00:00]} 2. Nf3 {[%emt 0:00:09]} d5 {[%emt 0:00:00]} 3. e3 {[%emt 0:00:05]} Nf6 {[%emt 0:00:00]} 4. Nc3 {[%emt 0:00:06]} g6 {[%emt 0:04:48]} 5. d4 {[%emt 0:00:19]} Bg7 {[%emt 0:00:06]} 6. Be2 {[%emt 0:00:35]} O-O {[%emt 0:00:09]} 7. O-O {[%emt 0:00:06]} b6 {[%emt 0:03:00]} 8. b3 {[%emt 0:05:42]} Bb7 {[%emt 0:00:36]} 9. Bb2 {[%emt 0:00:33]} Nbd7 {[%emt 0:02:12]} 10. Qc2 {[%emt 0:03:07]} c5 {[%emt 0:06:57]} 11. cxd5 {[%emt 0:08:01]} cxd4 {[%emt 0:02:57]} 12. Nxd4 {[%emt 0:01:01]} Nxd5 {[%emt 0:05:24]} 13. Nxd5 {[%emt 0:00:12]} Bxd5 {[%emt 0:00:04]} 14. Rfd1 {[%emt 0:05:55]} Rc8 {[%emt 0:12:15]} 15. Qd2 {[%emt 0:01:47]} Nc5 {[%emt 0:06:31]} 16. Nb5 {[%emt 0:26:30]} Ne4 {[%emt 0:08:14]} 17. Qxd5 {[%emt 0:00:10]} Qxd5 {[%emt 0:00:07]} 18. Rxd5 {[%emt 0:00:03]} Bxb2 {[%emt 0:00:06]} 19. Rb1 {[%emt 0:00:33]} Bf6 {[%emt 0:03:17]} 20. Bf3 {[%emt 0:16:03]} Nc3 {[%emt 0:10:36]} 21. Nxc3 {[%emt 0:00:06]} Rxc3 {[%emt 0:00:05]} 22. g3 {[%emt 0:09:04]} Rc2 {[%emt 0:04:31]} 23. a4 {[%emt 0:00:24]} Rfc8 {[%emt 0:05:56]} 24. Be4 {[%emt 0:11:13]} R2c3 {[%emt 0:05:37]} 25. a5 {[%emt 0:05:41]} e6 {[%emt 0:05:40]} 26. Rd7 {[%emt 0:02:34]} bxa5 {[%emt 0:03:32]} 27. Rxa7 {[%emt 0:00:07]} R3c5 {[%emt 0:00:32]} 28. Rd1 {[%emt 0:00:59]} R8c7 {[%emt 0:00:17]} 29. Rxc7 {[%emt 0:01:12]} Rxc7 {[%emt 0:00:06]} 30. Rd6 {[%emt 0:00:33]} Be7 {[%emt 0:01:39]} 31. Ra6 {[%emt 0:01:32]} Bb4 {[%emt 0:04:36]} 32. Bc6 {[%emt 0:00:22]} g5 {[%emt 0:00:11]} 33. g4 {[%emt 0:00:52]} Kg7 {[%emt 0:00:20]} 34. Kg2 {[%emt 0:00:33]} Rc8 {[%emt 0:00:09]} 35. Kf3 {[%emt 0:00:42]} Rd8 {[%emt 0:00:13]} 36. Ra7 {[%emt 0:00:14]} Kf6 {[%emt 0:01:02]} 37. Bb5 {[%emt 0:00:33]} Rd5 {[%emt 0:04:13]} 38. Be8 {[%emt 0:00:31]} Be7 {[%emt 0:00:05]} 39. Ke2 {[%emt 0:00:40]} Rc5 {[%emt 0:00:37]} 40. f4 {[%emt 0:00:00]} h6 {[%emt 0:00:00]} 41. Kd3 {[%emt 0:14:16]} Rc8 {[%emt 0:02:43]} 42. Bd7 {[%emt 0:00:07]} Rc1 {[%emt 0:03:42]} 43. Be8 {[%emt 0:01:57]} Rc8 {[%emt 0:05:37]} 44. Bd7 {[%emt 0:00:13]} Rb8 {[%emt 0:00:32]} 45. Ba4 {[%emt 0:03:46]} Bb4 {[%emt 0:00:45]} 46. Ke4 {[%emt 0:03:34]} Rc8 {[%emt 0:02:39]} 47. Rb7 {[%emt 0:00:22]} Kg7 {[%emt 0:05:23]} 48. Bd7 {[%emt 0:01:03]} Rd8 {[%emt 0:04:51]} 49. Bxe6 {[%emt 0:01:39]} Kf6 {[%emt 0:05:08]} 50. Bxf7 {[%emt 0:00:59]} gxf4 {[%emt 0:00:16]} 51. exf4 {[%emt 0:00:28]} Bc5 {[%emt 0:00:10]} 52. Bd5 {[%emt 0:05:35]} Re8+ {[%emt 0:00:35]} 53. Kd3 {[%emt 0:00:04]} Re7 {[%emt 0:01:21]} 54. Rb5 {[%emt 0:02:21]} Bf2 {[%emt 0:01:14]} 55. Be4 {[%emt 0:00:57]} Be1 {[%emt 0:00:55]} 56. Rb6+ {[%emt 0:00:12]} Re6 {[%emt 0:00:18]} 57. g5+ {[%emt 0:00:41]} hxg5 {[%emt 0:00:06]} 58. fxg5+ {[%emt 0:00:02]} Ke5 {[%emt 0:00:29]} 59. Rb5+ {[%emt 0:00:36]} Kf4 {[%emt 0:00:04]} 60. Rf5+ {[%emt 0:01:22]} Kg4 {[%emt 0:00:04]} 61. Rf6 {[%emt 0:00:28]} Rxf6 {[%emt 0:03:42]} 62. gxf6 {[%emt 0:00:06]} Kg5 {[%emt 0:00:09]} 63. f7 {[%emt 0:00:16]} Bb4 {[%emt 0:00:02]} 64. Bd5 {[%emt 0:00:42]} Kf6 {[%emt 0:00:22]} 65. Ke4 {[%emt 0:00:08]} Kg7 {[%emt 0:01:51]} 66. h4 {[%emt 0:00:09]} Be7 {[%emt 0:02:14]} 67. h5 {[%emt 0:00:06]} Kh6 {[%emt 0:00:46]} 68. Kf5 {[%emt 0:00:34]} Kxh5 {[%emt 0:00:22]} 69. Ke6 {[%emt 0:00:05]} Bf8 {[%emt 0:00:18]} 70. Kf6 {[%emt 0:00:44]} Kh6 {[%emt 0:00:07]} 71. Be4 {[%emt 0:00:19]} Bb4 {[%emt 0:00:13]} 72. Bf5 {[%emt 0:00:53]} 1/2-1/2

[Event "RUS-ch Girls U21 2020"]
[Site "Moscow"]
[Date "2020.12.09"]
[Round "2"]
[White "Borisova, Ekaterina"]
[Black "Nazarova, Anastasia"]
[Result "1-0"]
[WhiteElo "2308"]
[BlackElo "2190"]
[Annotator "broadcasts"]
[PlyCount "103"]
[EventDate "2020.12.08"]
[EventType "tourn"]
[EventCountry "RUS"]

1. Nf3 {[%emt 0:00:00]} d5 {[%emt 0:00:33]} 2. g3 {[%emt 0:00:00]} Nf6 {[%emt 0:00:10]} 3. Bg2 {[%emt 0:00:00]} g6 {[%emt 0:02:11]} 4. O-O {[%emt 0:00:03]} Bg7 {[%emt 0:01:24]} 5. d4 {[%emt 0:00:35]} O-O {[%emt 0:00:13]} 6. c4 {[%emt 0:00:03]} c6 {[%emt 0:00:05]} 7. b3 {[%emt 0:00:08]} Ne4 {[%emt 0:00:12]} 8. Bb2 {[%emt 0:00:09]} Nd7 {[%emt 0:00:40]} 9. Nc3 {[%emt 0:02:02]} Ndf6 {[%emt 0:00:44]} 10. e3 {[%emt 0:00:37]} Nxc3 {[%emt 0:00:26]} 11. Bxc3 {[%emt 0:00:08]} Ne4 {[%emt 0:00:05]} 12. Bb2 {[%emt 0:00:28]} b5 {[%emt 0:00:08]} 13. cxb5 {[%emt 0:02:11]} cxb5 {[%emt 0:00:05]} 14. Ne5 {[%emt 0:00:07]} a5 {[%emt 0:10:23]} 15. Qc2 {[%emt 0:12:42]} b4 {[%emt 0:17:43]} 16. f3 {[%emt 0:07:52]} Nd6 {[%emt 0:13:51]} 17. Rfc1 {[%emt 0:00:39]} Nf5 {[%emt 0:08:15]} 18. Qf2 {[%emt 0:03:32]} Bh6 {[%emt 0:08:37]} 19. f4 {[%emt 0:00:43]} Bb7 {[%emt 0:00:32]} 20. a3 {[%emt 0:04:35]} Re8 {[%emt 0:06:12]} 21. axb4 {[%emt 0:04:51]} axb4 {[%emt 0:00:06]} 22. Nd3 {[%emt 0:00:06]} Qb6 {[%emt 0:01:43]} 23. g4 {[%emt 0:04:36]} Nd6 {[%emt 0:00:45]} 24. Qd2 {[%emt 0:01:48]} Rxa1 {[%emt 0:07:00]} 25. Rxa1 {[%emt 0:00:19]} Ne4 {[%emt 0:02:46]} 26. Qxb4 {[%emt 0:03:06]} Qc6 {[%emt 0:02:04]} 27. Rc1 {[%emt 0:11:02]} Qa6 {[%emt 0:02:18]} 28. Bf1 {[%emt 0:05:08]} Bc8 {[%emt 0:01:39]} 29. g5 {[%emt 0:02:05]} Bg7 {[%emt 0:02:23]} 30. Qa4 {[%emt 0:06:05]} Qxa4 {[%emt 0:00:09]} 31. bxa4 {[%emt 0:00:03]} Ba6 {[%emt 0:00:39]} 32. Nc5 {[%emt 0:01:37]} Bxf1 {[%emt 0:00:27]} 33. Nxe4 {[%emt 0:00:32]} Bd3 {[%emt 0:01:54]} 34. Nc5 {[%emt 0:02:39]} Bc4 {[%emt 0:00:08]} 35. a5 {[%emt 0:01:58]} Ra8 {[%emt 0:00:55]} 36. Bc3 {[%emt 0:00:19]} e6 {[%emt 0:00:54]} 37. Rb1 {[%emt 0:00:11]} h6 {[%emt 0:02:04]} 38. h4 {[%emt 0:00:26]} hxg5 {[%emt 0:00:04]} 39. hxg5 {[%emt 0:00:03]} Bf8 {[%emt 0:02:08]} 40. Rb7 {[%emt 0:00:00]} Bd6 {[%emt 0:00:00]} 41. Kf2 {[%emt 0:07:13]} Rc8 {[%emt 0:16:55]} 42. Bb4 {[%emt 0:01:58]} Ra8 {[%emt 0:02:27]} 43. Ke1 {[%emt 0:00:50]} Rc8 {[%emt 0:00:51]} 44. Kd2 {[%emt 0:00:27]} Ra8 {[%emt 0:00:05]} 45. Kc3 {[%emt 0:01:17]} Rc8 {[%emt 0:00:13]} 46. Kb2 {[%emt 0:01:11]} Be2 {[%emt 0:04:04]} 47. Nd7 {[%emt 0:03:56]} Bxb4 {[%emt 0:01:06]} 48. Rxb4 {[%emt 0:00:06]} Kg7 {[%emt 0:02:12]} 49. Rb8 {[%emt 0:01:20]} Ba6 {[%emt 0:00:46]} 50. Rxc8 {[%emt 0:00:18]} Bxc8 {[%emt 0:00:05]} 51. Nc5 {[%emt 0:00:21]} Kf8 {[%emt 0:00:42]} 52. a6 {[%emt 0:00:08]} 1-0

[Event "RUS-ch Girls U21 2020"]
[Site "Moscow"]
[Date "2020.12.09"]
[Round "2"]
[White "Protopopova, Anastasiya"]
[Black "Afonasieva, Anna"]
[Result "0-1"]
[WhiteElo "2267"]
[BlackElo "2316"]
[Annotator "broadcasts"]
[PlyCount "108"]
[EventDate "2020.12.08"]
[EventType "tourn"]
[EventCountry "RUS"]

1. d4 {[%emt 0:00:00]} d5 {[%emt 0:00:00]} 2. c4 {[%emt 0:00:00]} c6 {[%emt 0:00:00]} 3. cxd5 {[%emt 0:00:00]} cxd5 {[%emt 0:00:00]} 4. Bf4 {[%emt 0:00:03]} Nc6 {[%emt 0:00:00]} 5. Nc3 {[%emt 0:00:05]} Nf6 {[%emt 0:00:00]} 6. e3 {[%emt 0:00:09]} Bf5 {[%emt 0:00:00]} 7. Qb3 {[%emt 0:00:10]} Na5 {[%emt 0:00:01]} 8. Qa4+ {[%emt 0:00:09]} Bd7 {[%emt 0:00:05]} 9. Qc2 {[%emt 0:00:06]} e6 {[%emt 0:00:09]} 10. Bd3 {[%emt 0:00:04]} Nh5 {[%emt 0:00:12]} 11. Be5 {[%emt 0:02:58]} Nc6 {[%emt 0:00:15]} 12. Nf3 {[%emt 0:04:56]} Nb4 {[%emt 0:05:18]} 13. Qe2 {[%emt 0:00:35]} Nxd3+ {[%emt 0:00:08]} 14. Qxd3 {[%emt 0:00:04]} Be7 {[%emt 0:00:50]} 15. h3 {[%emt 0:07:24]} O-O {[%emt 0:00:51]} 16. O-O {[%emt 0:01:37]} f6 {[%emt 0:02:13]} 17. Bh2 {[%emt 0:07:45]} f5 {[%emt 0:03:57]} 18. a4 {[%emt 0:07:24]} a6 {[%emt 0:04:50]} 19. Rfb1 {[%emt 0:08:56]} Be8 {[%emt 0:09:00]} 20. Rc1 {[%emt 0:06:19]} Rc8 {[%emt 0:09:04]} 21. b3 {[%emt 0:18:47]} Nf6 {[%emt 0:00:30]} 22. Ne2 {[%emt 0:00:00]} b5 {[%emt 0:03:14]} 23. Rxc8 {[%emt 0:00:00]} Qxc8 {[%emt 0:00:05]} 24. Rc1 {[%emt 0:00:00]} Qa8 {[%emt 0:01:41]} 25. a5 {[%emt 0:05:09]} Ne4 {[%emt 0:03:20]} 26. Bc7 {[%emt 0:05:59]} b4 {[%emt 0:02:53]} 27. Nf4 {[%emt 0:00:32]} Bb5 {[%emt 0:00:52]} 28. Qc2 {[%emt 0:01:45]} Rc8 {[%emt 0:01:54]} 29. Ne5 {[%emt 0:10:01]} Nc3 {[%emt 0:02:40]} 30. Nxe6 {[%emt 0:00:36]} g6 {[%emt 0:33:30]} 31. Kh1 {[%emt 0:06:37]} Ne2 {[%emt 0:03:43]} 32. Re1 {[%emt 0:00:14]} Bd6 {[%emt 0:01:01]} 33. Rxe2 {[%emt 0:00:14]} Bxe2 {[%emt 0:00:55]} 34. Qxe2 {[%emt 0:01:17]} Bxc7 {[%emt 0:00:14]} 35. Nd3 {[%emt 0:04:49]} Bxa5 {[%emt 0:02:44]} 36. Qa2 {[%emt 0:01:39]} Bb6 {[%emt 0:01:41]} 37. Nxb4 {[%emt 0:00:49]} Rc1+ {[%emt 0:05:08]} 38. Kh2 {[%emt 0:00:01]} Qc8 {[%emt 0:00:37]} 39. Nf4 {[%emt 0:00:52]} g5 {[%emt 0:02:44]} 40. Nfxd5 {[%emt 0:00:00]} Bc7+ {[%emt 0:00:00]} 41. g3 {[%emt 0:05:54]} Bd6 {[%emt 0:03:28]} 42. Qxa6 {[%emt 0:02:01]} Qe6 {[%emt 0:00:50]} 43. Qd3 {[%emt 0:11:56]} f4 {[%emt 0:12:26]} 44. e4 {[%emt 0:05:51]} Qf7 {[%emt 0:01:00]} 45. e5 {[%emt 0:01:09]} Bxb4 {[%emt 0:03:01]} 46. Nf6+ {[%emt 0:06:52]} Kh8 {[%emt 0:01:50]} 47. g4 {[%emt 0:01:23]} Be7 {[%emt 0:01:54]} 48. Qf5 {[%emt 0:00:09]} Bxf6 {[%emt 0:00:00]} 49. exf6 {[%emt 0:00:01]} Rc6 {[%emt 0:01:09]} 50. Qxg5 {[%emt 0:00:17]} Qxf6 {[%emt 0:00:17]} 51. Qh5 {[%emt 0:00:31]} Rd6 {[%emt 0:01:23]} 52. d5 {[%emt 0:00:12]} Rd8 {[%emt 0:02:02]} 53. g5 {[%emt 0:01:01]} Qe5 {[%emt 0:00:53]} 54. Qh6 {[%emt 0:00:35]} f3+ {[%emt 0:00:28]} 0-1

[Event "RUS-ch Girls U21 2020"]
[Site "Moscow"]
[Date "2020.12.09"]
[Round "2"]
[White "Nosacheva, Mariya"]
[Black "Obolentseva, Alexandra"]
[Result "0-1"]
[WhiteElo "2243"]
[BlackElo "2305"]
[Annotator "broadcasts"]
[PlyCount "71"]
[EventDate "2020.12.08"]
[EventType "tourn"]
[EventCountry "RUS"]

1. e4 {[%emt 0:00:00]} c5 {[%emt 0:00:00]} 2. Nf3 {[%emt 0:00:05]} d6 {[%emt 0:00:00]} 3. d4 {[%emt 0:00:05]} cxd4 {[%emt 0:00:00]} 4. Nxd4 {[%emt 0:00:04]} Nf6 {[%emt 0:00:00]} 5. Nc3 {[%emt 0:00:06]} a6 {[%emt 0:00:05]} 6. Bg5 {[%emt 0:00:15]} e6 {[%emt 0:00:51]} 7. f4 {[%emt 0:01:05]} Nbd7 {[%emt 0:00:18]} 8. Qf3 {[%emt 0:00:32]} Qc7 {[%emt 0:00:57]} 9. O-O-O {[%emt 0:00:22]} Be7 {[%emt 0:00:58]} 10. g4 {[%emt 0:00:55]} h6 {[%emt 0:00:47]} 11. Bxf6 {[%emt 0:00:18]} Bxf6 {[%emt 0:05:11]} 12. h4 {[%emt 0:03:32]} Qc5 {[%emt 0:04:37]} 13. Nde2 {[%emt 0:15:18]} Be7 {[%emt 0:07:35]} 14. g5 {[%emt 0:05:41]} g6 {[%emt 0:03:25]} 15. h5 {[%emt 0:05:58]} hxg5 {[%emt 0:07:02]} 16. hxg6 {[%emt 0:00:25]} Rg8 {[%emt 0:00:31]} 17. gxf7+ {[%emt 0:01:14]} Kxf7 {[%emt 0:00:04]} 18. Qh5+ {[%emt 0:07:48]} Kf8 {[%emt 0:00:12]} 19. Qh6+ {[%emt 0:01:04]} Ke8 {[%emt 0:00:14]} 20. Qxe6 {[%emt 0:00:15]} Nf6 {[%emt 0:00:21]} 21. Qb3 {[%emt 0:00:12]} gxf4 {[%emt 0:01:48]} 22. Kb1 {[%emt 0:05:05]} Qe5 {[%emt 0:03:15]} 23. Bh3 {[%emt 0:05:28]} b5 {[%emt 0:03:51]} 24. Nd4 {[%emt 0:09:50]} Bxh3 {[%emt 0:09:30]} 25. Rxh3 {[%emt 0:00:16]} Rc8 {[%emt 0:01:57]} 26. Nf3 {[%emt 0:08:39]} Qc5 {[%emt 0:00:29]} 27. Qe6 {[%emt 0:00:09]} Qc4 {[%emt 0:03:10]} 28. Rxd6 {[%emt 0:02:02]} b4 {[%emt 0:03:43]} 29. Qxc4 {[%emt 0:04:40]} Rxc4 {[%emt 0:00:06]} 30. Nd5 {[%emt 0:04:50]} Nxd5 {[%emt 0:03:51]} 31. Rxd5 {[%emt 0:00:18]} Rxe4 {[%emt 0:00:28]} 32. Kc1 {[%emt 0:00:27]} Rg3 {[%emt 0:04:20]} 33. Rh8+ {[%emt 0:07:18]} Kf7 {[%emt 0:02:18]} 34. Nd4 {[%emt 0:00:25]} f3 {[%emt 0:04:31]} 35. Rh1 {[%emt 0:00:06]} f2 {[%emt 0:01:28]} 36. Kb1 {[%emt 0:02:14]} 0-1